| 000 | 01188nam a2200241Ii 4500 | ||
|---|---|---|---|
| 003 | JO-AjNU | ||
| 005 | 20240624123633.0 | ||
| 008 | 230605s9999||||xx |||||||||||||| ||und|| | ||
| 040 |
_aJO-AjNU _bara _erda _cJO-AjNU |
||
| 041 | _aara | ||
| 050 | 1 | 4 | _aHD58.7.2021 |
| 100 |
_aالمومني، صقر محمد فليح _eمعد _965548 |
||
| 245 | 0 | 0 |
_aدور ضغوط العمل في الاحتراق الوظيفي لدى العاملين في وزارة المالية في الاردن = The Role of Work Pressure in Job Burnout Among Employes in Ministry of Finance in Jordan _c/ اعداد صقر محمد فليح المومني ؛ اشراف هشام علي شطناوي |
| 264 | 3 | 1 | _a2021 |
| 300 | _a103 ورقة | ||
| 336 |
_atext _btxt _2rdacontent |
||
| 337 |
_aunmediated _bn _2rdamedia |
||
| 338 |
_avolume _bnc _2rdacarrier |
||
| 500 | _aرسالة جامعية(اطروحة ماجستير) جامعة عجلون الوطنية، كلية ادارة الاعمال، تخصص ادارة الاعمال، 2021 | ||
| 650 | 4 |
_aضغوط العمل- وزارة المالية-الاردن _961397 |
|
| 700 |
_aشطناوي، هشام علي _eمشرف _964974 |
||
| 942 |
_2lcc _cTHS |
||
| 999 |
_c31318 _d31318 |
||